Constitutional law : (Record no. 4900)

MARC details
000 -LEADER
fixed length control field 00539nam a22001577a 4500
020 ## - INTERNATIONAL STANDARD BOOK NUMBER
ISBN 9780751007510
020 ## - INTERNATIONAL STANDARD BOOK NUMBER
ISBN 075100751X
050 ## - CALL NUMBER
Classification number KD442
Item number .C76
245 ## - TITLE
Title Constitutional law :
Remainder of title 1996 Examination questions suggested solutions
Statement of responsibility, etc Solutions by Jonanthan Miller
260 ## - PUBLICATION INFORMATION
Place of publication London
Name of publisher University of London; HLT Publications
Year of publication 1996
300 ## - DESCRIPTION
Number of Pages x,60p.
505 ## - FORMATTED CONTENTS NOTE
Table of Content Introduction<br/>Examination paper<br/>Suggested Solutions<br/>Question 1- 8
650 ## - SUBJECTS
Topical Term Constitutional law
General subdivision Examination paper
650 ## - SUBJECTS
Topical Term Suggested Solutions
942 ## - ADDED ENTRY ELEMENTS (KOHA)
Koha item type Books
Holdings
Withdrawn status Lost status Collection code Home library Current library Shelving location Date acquired Full call number Accession Number Koha item type
    Reference Methodist University Law Library Methodist University Law Library General Stacks   KD442 .C76 25507 Books
Copyright © 2026  MUG Library